[Event "2009 Southern Alberta Open"]
[Site "Calgary"]
[Date "2009.11.21"]
[Round "2.3"]
[White "Rekhson, Vladislav"]
[Black "Sequillion, Aaron"]
[Result "1-0"]
[WhiteElo "2204"]
[BlackElo "1994"]
[PlyCount "77"]
[EventDate "2009.11.21"]
[EventType "swiss"]
[EventRounds "5"]
[EventCountry "CAN"]

1. e4 c6 2. d4 d5 3. exd5 cxd5 4. Nf3 Nf6 5. Bd3 Bg4 6. c3 e6 7. Qa4+ Nbd7 8.
Ne5 a6 9. Nxg4 Nxg4 10. Bf4 Be7 11. Nd2 O-O 12. Nf3 Re8 13. O-O Nf8 14. Qb3 Bd6
15. Bxd6 Qxd6 16. h3 Nf6 17. a4 Ng6 18. Rfe1 Rab8 19. Ne5 Nd7 20. Nxd7 Qxd7 21.
a5 Rec8 22. Qc2 Rc6 23. g3 b5 24. axb6 Rcxb6 25. b4 Rc6 26. Rxa6 Rxa6 27. Bxa6
e5 28. dxe5 Qxh3 29. Bf1 Qc8 30. Qd3 h5 31. e6 Qc6 32. exf7+ Kxf7 33. Qf5+ Kg8
34. Re6 Qxc3 35. Rxg6 Qd4 36. Qe6+ Kh7 37. Rg5 Qf6 38. Rxh5+ Kg6 39. Bd3+ 1-0

[Event "2009 Southern Alberta Open"]
[Site "Calgary"]
[Date "2009.11.21"]
[Round "3.1"]
[White "Whissell, Mavros"]
[Black "Haessel, Dale"]
[Result "0-1"]
[WhiteElo "2167"]
[BlackElo "2312"]
[PlyCount "89"]
[EventDate "2009.11.21"]
[EventType "swiss"]
[EventRounds "5"]
[EventCountry "CAN"]

1. e4 e5 2. Nf3 Nf6 3. Nxe5 d6 4. Nf3 Nxe4 5. d4 d5 6. Bd3 Bd6 7. O-O O-O 8. c4
c6 9. Qc2 Na6 10. a3 Bg4 11. Nbd2 Nxd2 12. Nxd2 Qh4 13. g3 Qh3 14. b4 dxc4 15.
Be4 Rae8 16. Bg2 Qh5 17. Nxc4 Bb8 18. Ne5 Bf5 19. Qb3 Be6 20. Qd3 Rd8 21. Nxc6
bxc6 22. Qxa6 Rxd4 23. Be3 Rc4 24. Rac1 Qb5 25. Qxb5 cxb5 26. Rxc4 bxc4 27. Rc1
Be5 28. Bxa7 Bb2 29. Rb1 c3 30. Be4 Ba2 31. Re1 Bb3 32. Re2 Bxa3 33. Bc5 Rb8
34. Bc2 Bd5 35. Re3 Bb2 36. f4 f6 37. Bd4 Rc8 38. Kf2 Kf7 39. Bc5 Ra8 40. Re7+
Kg8 41. Ra7 Rd8 42. Be3 Re8 43. Rd7 Be4 44. Bxe4 Rxe4 45. Rc7 0-1

[Event "2009 Southern Alberta Open"]
[Site "Calgary"]
[Date "2009.11.21"]
[Round "3.2"]
[White "Gardner, Robert"]
[Black "Yearwood, Roy"]
[Result "1/2-1/2"]
[WhiteElo "2308"]
[BlackElo "2146"]
[PlyCount "102"]
[EventDate "2009.11.21"]
[EventType "swiss"]
[EventRounds "5"]
[EventCountry "CAN"]

1. f4 g6 2. Nf3 Bg7 3. d4 d6 4. e4 c5 5. c3 Nf6 6. Bd3 O-O 7. Qe2 cxd4 8. cxd4
Nc6 9. Nc3 Qb6 10. d5 Nb4 11. Bc4 Bg4 12. a3 Bxf3 13. gxf3 Na6 14. Be3 Qc7 15.
O-O Nd7 16. Rac1 Qb8 17. b4 Nc7 18. Qf2 b5 19. Bd3 a5 20. Ne2 axb4 21. axb4 Ra3
22. Rfd1 e6 23. dxe6 fxe6 24. Nd4 e5 25. Nc6 Qe8 26. fxe5 dxe5 27. Na5 Ne6 28.
Bxb5 Nd4 29. Bxd4 exd4 30. Nb3 Qe7 31. Bxd7 Qxd7 32. Nxd4 Qf7 33. Rf1 Ra2 34.
Ne2 Qe7 35. Rc5 Qd6 36. Qe3 Rb2 37. e5 Qe6 38. b5 Qh3 39. Rf2 Bh6 40. Qa3 Rb1+
41. Nc1 Bxc1 42. Qa2+ Kh8 43. Qxb1 Be3 44. Rcc2 Rxf3 45. Qf1 Qf5 46. Rce2 Rxf2
47. Rxf2 Qxe5 48. Kh1 Bxf2 49. Qxf2 Qd5+ 50. Kg1 Qg5+ 51. Kh1 Qd5+ 1/2-1/2

[Event "2009 Southern Alberta Open"]
[Site "Calgary"]
[Date "2009.11.21"]
[Round "3.3"]
[White "Karmali, Hafiz"]
[Black "Milne, Arthur"]
[Result "1-0"]
[WhiteElo "2054"]
[BlackElo "1895"]
[PlyCount "93"]
[EventDate "2009.11.21"]
[EventType "swiss"]
[EventRounds "5"]
[EventCountry "CAN"]

1. e4 Nf6 2. e5 Nd5 3. c4 Nb6 4. c5 Nd5 5. Bc4 e6 6. Nc3 Nxc3 7. dxc3 Qh4 8.
Qe2 Bxc5 9. g3 Qe7 10. Nf3 h6 11. Be3 Bxe3 12. Qxe3 d6 13. O-O-O Nc6 14. exd6
cxd6 15. Rhe1 Bd7 16. Qd2 O-O-O 17. Qxd6 Qxd6 18. Rxd6 Kc7 19. Red1 Bc8 20.
Rxd8 Rxd8 21. Rxd8 Kxd8 22. b4 Ke7 23. Kd2 b6 24. Ke3 Bb7 25. Bd3 Kd6 26. Be4
f5 27. Bc2 Ne5 28. Nxe5 Kxe5 29. f4+ Kd6 30. Kd4 b5 31. a4 a6 32. axb5 axb5 33.
Bd3 Bc6 34. c4 bxc4 35. Bxc4 g5 36. b5 Bb7 37. Bf1 Bd5 38. Bd3 Bb7 39. Bc2 Bd5
40. Ba4 Bb7 41. b6 Bd5 42. Bb5 Bb7 43. Bf1 g4 44. h3 h5 45. h4 Bd5 46. Ba6 Kc6
47. Bc8 1-0

[Event "2009 Southern Alberta Open"]
[Site "Calgary"]
[Date "2009.11.22"]
[Round "4.1"]
[White "Haessel, Dale"]
[Black "Gardner, Robert"]
[Result "1-0"]
[WhiteElo "2312"]
[BlackElo "2308"]
[PlyCount "66"]
[EventDate "2009.11.21"]
[EventType "swiss"]
[EventRounds "5"]
[EventCountry "CAN"]

1. c4 b6 2. d4 Bb7 3. Nc3 e6 4. a3 d5 5. cxd5 exd5 6. Bf4 Nf6 7. Rc1 c6 8. Nf3
Be7 9. g3 O-O 10. Bg2 c5 11. O-O c4 12. Ne5 a6 13. Nxc4 dxc4 14. Bxb7 Ra7 15.
Bg2 b5 16. e4 Qb6 17. e5 Nfd7 18. Nd5 Qd8 19. Re1 Bg5 20. Qg4 Bxf4 21. Nxf4 Qb6
22. Rcd1 Nc6 23. Nh5 g6 24. e6 f5 25. Qg5 Ndb8 26. d5 Ne7 27. d6 h6 28. dxe7
hxg5 29. exf8=Q+ Kxf8 30. Nf6 Qa5 31. Re2 Qa4 32. Rde1 Re7 33. Nd5 a5 1-0

[Event "2010 Calgary Closed"]
[Site "Calgary"]
[Date "2010.01.05"]
[Round "1"]
[White "Daniluk, Jim"]
[Black "Robichaud, Martin"]
[Result "0-1"]
[WhiteElo "2064"]
[BlackElo "2184"]
[PlyCount "80"]
[EventDate "2010.01.05"]
[EventType "tourn"]
[EventRounds "7"]
[EventCountry "CAN"]

1. d4 d5 2. Nf3 Bg4 3. Ne5 Bf5 4. c4 dxc4 5. Nc3 Nd7 6. e4 Nxe5 7. exf5 Nd3+ 8.
Bxd3 cxd3 9. Qxd3 c6 10. O-O g6 11. fxg6 hxg6 12. Bf4 Bg7 13. d5 e6 14. Ne4 e5
15. Qc3 cxd5 16. Bxe5 f6 17. Bc7 Qd7 18. Nd6+ Kf8 19. Nxb7 Ne7 20. Rfe1 Kg8 21.
Rac1 Rh4 22. Qc5 Bf8 23. Qd6 Qf5 24. Rxe7 Bxe7 25. Qxe7 Re4 26. Qa3 Rc4 27. b3
Rc2 28. Bg3 Rac8 29. Rxc2 Qxc2 30. h3 Qd1+ 31. Kh2 Rc1 32. Bf4 Qh1+ 33. Kg3 Rg1
34. Qc5 Qxg2+ 35. Kh4 g5+ 36. Kh5 Qxh3+ 37. Kg6 gxf4+ 38. Kxf6 Qh6+ 39. Ke5
Qg7+ 40. Kxf4 Qxb7 0-1

[Event "2010 Calgary Closed"]
[Site "Calgary"]
[Date "2010.01.05"]
[Round "1"]
[White "Karmali, Hafiz"]
[Black "Yam, Alex"]
[Result "0-1"]
[WhiteElo "2081"]
[BlackElo "2158"]
[PlyCount "46"]
[EventDate "2010.01.05"]
[EventType "tourn"]
[EventRounds "7"]
[EventCountry "CAN"]

1. d4 Nf6 2. c4 c5 3. Nf3 cxd4 4. Nxd4 e5 5. Nc2 Qc7 6. b3 d5 7. cxd5 Nxd5 8.
Qxd5 Qxc2 9. Qxe5+ Be6 10. Bd2 Nc6 11. Qc3 Qg6 12. Qg3 Qc2 13. Qc3 Qf5 14. e3
Be7 15. Qd3 Qg4 16. h3 Qh4 17. g3 Qf6 18. Bc3 Qf3 19. Rg1 Nb4 20. Bxb4 Bxb4+
21. Nd2 O-O 22. Bg2 Qf6 23. Rd1 Rfd8 0-1

[Event "2010 Calgary Closed"]
[Site "Calgary"]
[Date "2010.01.05"]
[Round "1"]
[White "Miller, Brian"]
[Black "Hansen, Eric"]
[Result "0-1"]
[WhiteElo "1953"]
[BlackElo "2484"]
[PlyCount "62"]
[EventDate "2010.01.05"]
[EventType "tourn"]
[EventRounds "7"]
[EventCountry "CAN"]

1. d4 Nf6 2. c4 g6 3. Nc3 d5 4. cxd5 Nxd5 5. e4 Nxc3 6. bxc3 Bg7 7. Be3 c5 8.
Nf3 O-O 9. Be2 Qa5 10. Qc2 cxd4 11. Bxd4 Nc6 12. Bxg7 Kxg7 13. O-O Qc7 14. Rfd1
Bg4 15. Qb2 Bxf3 16. Bxf3 Rad8 17. Rxd8 Rxd8 18. Rd1 Rxd1+ 19. Bxd1 Ne5 20. Be2
Nd7 21. g3 Nc5 22. Qb4 b6 23. Qd4+ e5 24. Qd5 Na4 25. c4 Nc5 26. Bg4 h5 27. Bh3
Na4 28. Bf1 Qe7 29. Kg2 Nc3 30. Qd2 Nxe4 31. Qc2 Ng5 0-1

[Event "2010 Calgary Closed"]
[Site "Calgary"]
[Date "2010.01.05"]
[Round "1"]
[White "Yearwood, Roy"]
[Black "Haessel, Dale"]
[Result "0-1"]
[WhiteElo "2211"]
[BlackElo "2328"]
[PlyCount "48"]
[EventDate "2010.01.05"]
[EventType "tourn"]
[EventRounds "7"]
[EventCountry "CAN"]

1. d4 Nf6 2. Bg5 e6 3. Nd2 h6 4. Bh4 c5 5. e3 cxd4 6. exd4 Qb6 7. Nc4 Qd8 8.
Nf3 Be7 9. Bd3 O-O 10. c3 d6 11. Qc2 Nbd7 12. O-O-O b5 13. Ne3 Qa5 14. d5 Nc5
15. Nd4 Nxd5 16. Nc6 Qxa2 17. Bh7+ Kh8 18. Rxd5 Bxh4 19. Rxd6 f5 20. g3 Ne4 21.
Rd4 Bb7 22. f3 Bg5 23. Rxe4 Bxc6 24. Re5 Kxh7 0-1

[Event "2010 Calgary Closed"]
[Site "Calgary"]
[Date "2010.01.12"]
[Round "2"]
[White "Haessel, Dale"]
[Black "Yam, Alex"]
[Result "0-1"]
[WhiteElo "2328"]
[BlackElo "2158"]
[PlyCount "70"]
[EventDate "2010.01.05"]
[EventType "tourn"]
[EventRounds "7"]
[EventCountry "CAN"]

1. d4 Nf6 2. c4 e6 3. Nc3 c5 4. d5 exd5 5. cxd5 d6 6. Nf3 g6 7. g3 Bg7 8. Bg2
O-O 9. O-O Re8 10. Nd2 b6 11. Nc4 Ba6 12. Qb3 Bxc4 13. Qxc4 a6 14. Bf4 b5 15.
Qd3 b4 16. Na4 Nh5 17. Bd2 Qa5 18. Qc2 Rxe2 19. Rae1 Rxe1 20. Rxe1 Nd7 21. a3
Nhf6 22. axb4 cxb4 23. Qc6 Rd8 24. Bf4 b3 25. Re3 Ng4 26. Re4 f5 27. Re2 Nge5
28. Qxd6 Qxa4 29. Bxe5 Re8 30. f4 Nxe5 31. fxe5 Bxe5 32. Qa3 Qxa3 33. bxa3 Bd4+
34. Kf1 Rxe2 35. Kxe2 b2 0-1

[Event "2010 Calgary Closed"]
[Site "Calgary"]
[Date "2010.01.12"]
[Round "2"]
[White "Hansen, Eric"]
[Black "Karmali, Hafiz"]
[Result "1-0"]
[WhiteElo "2484"]
[BlackElo "2081"]
[PlyCount "55"]
[EventDate "2010.01.05"]
[EventType "tourn"]
[EventRounds "7"]
[EventCountry "CAN"]

1. Nf3 d5 2. d4 Bg4 3. c4 Bxf3 4. gxf3 Nc6 5. e3 e6 6. Nc3 Nf6 7. Qb3 Rb8 8.
Bd2 Be7 9. Rc1 O-O 10. cxd5 exd5 11. Bg2 Re8 12. O-O Bf8 13. Rfd1 Na5 14. Qc2
Nc4 15. Nxd5 Nxd5 16. Qxc4 b5 17. Qb3 Rb6 18. e4 Ne7 19. Bf4 Rg6 20. Qxb5 c6
21. Qh5 Kh8 22. Bg3 Ng8 23. d5 Nf6 24. Qf5 cxd5 25. e5 Ng8 26. Qxf7 Rge6 27. f4
Nh6 28. Qxa7 1-0

[Event "2010 Calgary Closed"]
[Site "Calgary"]
[Date "2010.01.12"]
[Round "2"]
[White "Robichaud, Martin"]
[Black "Miller, Brian"]
[Result "1-0"]
[WhiteElo "2184"]
[BlackElo "1953"]
[PlyCount "69"]
[EventDate "2010.01.05"]
[EventType "tourn"]
[EventRounds "7"]
[EventCountry "CAN"]

1. e4 c5 2. c3 d5 3. exd5 Qxd5 4. d4 Nf6 5. Nf3 Nc6 6. Be2 Bf5 7. O-O e6 8. Na3
Be7 9. Nb5 Rc8 10. c4 Qd8 11. Be3 a6 12. Nc3 cxd4 13. Nxd4 Nxd4 14. Bxd4 O-O
15. b3 Qa5 16. Qc1 h6 17. Qe3 Ng4 18. Bxg4 Bxg4 19. Na4 Qg5 20. f4 Qg6 21. h3
Bf5 22. Rf3 Bh4 23. Nc3 Rfd8 24. Kh2 Bf6 25. Rd1 Bxd4 26. Rxd4 Qf6 27. Rxd8+
Rxd8 28. Ne4 Qb2 29. Rf2 Qa1 30. Ng3 Rd3 31. Qe2 Bh7 32. f5 Qc3 33. fxe6 Re3
34. exf7+ Kf8 35. Qg4 1-0

[Event "2010 Calgary Closed"]
[Site "Calgary"]
[Date "2010.01.12"]
[Round "2"]
[White "Yearwood, Roy"]
[Black "Daniluk, Jim"]
[Result "1-0"]
[WhiteElo "2211"]
[BlackElo "2064"]
[PlyCount "67"]
[EventDate "2010.01.05"]
[EventType "tourn"]
[EventRounds "7"]
[EventCountry "CAN"]

1. d4 Nf6 2. Bg5 d5 3. c4 Nbd7 4. Nc3 h6 5. Bf4 c6 6. e3 e6 7. c5 Be7 8. Bd3 g5
9. Bg3 h5 10. h4 gxh4 11. Bxh4 Ng4 12. Bg3 e5 13. Be2 exd4 14. exd4 Ndf6 15.
Qd3 b6 16. cxb6 axb6 17. Nf3 b5 18. Ne5 Qb6 19. Bxg4 Bxg4 20. Nxg4 Nxg4 21. f3
Nf6 22. Be5 Rh6 23. O-O Kf8 24. Rfe1 Rg6 25. Re2 b4 26. Nd1 c5 27. Ne3 c4 28.
Qd2 Rc8 29. Nf5 c3 30. bxc3 bxc3 31. Qc1 Nd7 32. Nxe7 Nxe5 33. Rxe5 Qxd4+ 34.
Qe3 1-0

[Event "2010 Calgary Closed"]
[Site "Calgary"]
[Date "2010.01.19"]
[Round "3"]
[White "Hansen, Eric"]
[Black "Robichaud, Martin"]
[Result "1-0"]
[WhiteElo "2484"]
[BlackElo "2184"]
[PlyCount "69"]
[EventDate "2010.01.05"]
[EventType "tourn"]
[EventRounds "7"]
[EventCountry "CAN"]

1. d4 d5 2. Nf3 Nf6 3. c4 c6 4. Nc3 e6 5. e3 Bd6 6. Qc2 O-O 7. Bd3 Nbd7 8. O-O
e5 9. cxd5 cxd5 10. e4 exd4 11. Nxd5 Ne5 12. Nxe5 Bxe5 13. f4 Bb8 14. Nxf6+
Qxf6 15. e5 Qh4 16. Be4 a5 17. Bd2 Ra6 18. Be1 Qh5 19. Rc1 Bg4 20. Bxb7 Rh6 21.
Bg3 Ba7 22. Kh1 d3 23. Qxd3 Be2 24. Qc3 Bxf1 25. Rxf1 Qg6 26. f5 Qg4 27. Qd3
Rb6 28. Bd5 Qg5 29. e6 Rxb2 30. Bd6 Rd2 31. e7 Rc8 32. Qc4 Re8 33. Qc6 h6 34.
Qxe8+ Kh7 35. Qxf7 1-0

[Event "2010 Calgary Closed"]
[Site "Calgary"]
[Date "2010.01.19"]
[Round "3"]
[White "Karmali, Hafiz"]
[Black "Daniluk, Jim"]
[Result "0-1"]
[WhiteElo "2081"]
[BlackElo "2064"]
[PlyCount "72"]
[EventDate "2010.01.05"]
[EventType "tourn"]
[EventRounds "7"]
[EventCountry "CAN"]

1. d4 Nf6 2. c4 Nc6 3. Nc3 e5 4. d5 Ne7 5. e4 Ng6 6. g3 Bb4 7. Bg2 Bxc3+ 8.
bxc3 d6 9. Ne2 O-O 10. O-O Re8 11. h3 b6 12. Re1 a5 13. f4 exf4 14. Nxf4 Ne5
15. a4 Nxc4 16. Ra2 Nd7 17. Nd3 Nce5 18. Bf4 Ba6 19. Bf1 Bxd3 20. Bxd3 Nxd3 21.
Qxd3 Nc5 22. Qd4 Qd7 23. Kg2 Re7 24. e5 Rae8 25. Re3 dxe5 26. Rxe5 Rxe5 27.
Bxe5 f6 28. Bf4 Re4 29. Qd1 g5 30. Bc1 Nxa4 31. Qf3 Qxd5 32. Rd2 Qc6 33. Kh2 b5
34. Rd4 Nxc3 35. Rd8+ Kg7 36. Rd3 Re2+ 0-1

[Event "2010 Calgary Closed"]
[Site "Calgary"]
[Date "2010.01.19"]
[Round "3"]
[White "Miller, Brian"]
[Black "Haessel, Dale"]
[Result "1-0"]
[WhiteElo "1953"]
[BlackElo "2328"]
[PlyCount "77"]
[EventDate "2010.01.05"]
[EventType "tourn"]
[EventRounds "7"]
[EventCountry "CAN"]

1. d4 Nf6 2. c4 g6 3. Nc3 d5 4. cxd5 Nxd5 5. e4 Nxc3 6. bxc3 Bg7 7. Be3 c5 8.
Bb5+ Bd7 9. Bxd7+ Nxd7 10. Ne2 O-O 11. O-O Qa5 12. Qb3 b6 13. Rab1 Rac8 14.
Rfc1 Qa6 15. Nf4 e5 16. dxe5 Nxe5 17. c4 Ng4 18. Nd5 Rfe8 19. f3 Nxe3 20. Nxe3
f5 21. Nd5 fxe4 22. Re1 Bd4+ 23. Kh1 Kg7 24. Rxe4 Rxe4 25. fxe4 Rf8 26. Nc7 Qc8
27. Qg3 Rf7 28. Nd5 Qf8 29. h4 Rf2 30. h5 Rxa2 31. Qc7+ Kh8 32. e5 Qf2 33. Qc8+
Kg7 34. h6+ Kxh6 35. Qh3+ Kg5 36. Nf6 Kf4 37. g3+ Qxg3 38. Nd5+ Kf3 39. Rb3+
1-0

[Event "2010 Calgary Closed"]
[Site "Calgary"]
[Date "2010.01.19"]
[Round "3"]
[White "Yam, Alex"]
[Black "Yearwood, Roy"]
[Result "1-0"]
[WhiteElo "2158"]
[BlackElo "2211"]
[PlyCount "109"]
[EventDate "2010.01.05"]
[EventType "tourn"]
[EventRounds "7"]
[EventCountry "CAN"]

1. e4 e5 2. f4 exf4 3. Bc4 d5 4. exd5 Qh4+ 5. Kf1 Nf6 6. Nf3 Qh5 7. Nc3 Bd6 8.
Qe1+ Kd8 9. Qh4 Qxh4 10. Nxh4 Nbd7 11. Nf3 Nb6 12. Bb3 Re8 13. d3 h6 14. Bd2
Bg4 15. Kf2 Kd7 16. Rhe1 g5 17. Ne4 Nxe4+ 18. dxe4 Re7 19. e5 Bc5+ 20. Kf1 a5
21. e6+ fxe6 22. Ne5+ Kd6 23. Bxa5 Rxa5 24. Nxg4 Nxd5 25. Rad1 b5 26. Nf6 Be3
27. Bxd5 exd5 28. Nxd5 Ke6 29. Nxe7 Kxe7 30. a3 Ra4 31. Rd3 Rc4 32. c3 Re4 33.
g3 Ke6 34. Kg2 Kf5 35. Rd5+ Re5 36. Rxe5+ Kxe5 37. Kf3 Kf5 38. g4+ Ke5 39.
Rxe3+ fxe3 40. Kxe3 Kd5 41. Kd3 c5 42. b3 Ke5 43. c4 bxc4+ 44. bxc4 Kf4 45. a4
Kxg4 46. a5 Kh3 47. a6 Kxh2 48. a7 g4 49. a8=Q g3 50. Qh8 g2 51. Qxh6+ Kg3 52.
Qg5+ Kh2 53. Qh4+ Kg1 54. Ke3 Kf1 55. Qf2# 1-0

[Event "2010 Calgary Closed"]
[Site "Calgary"]
[Date "2010.01.26"]
[Round "4"]
[White "Daniluk, Jim"]
[Black "Miller, Brian"]
[Result "1-0"]
[WhiteElo "2064"]
[BlackElo "1953"]
[PlyCount "49"]
[EventDate "2010.01.05"]
[EventType "tourn"]
[EventRounds "7"]
[EventCountry "CAN"]

1. d4 d5 2. Nf3 Bf5 3. c4 c6 4. Nc3 e6 5. g3 Nf6 6. Bg2 Be7 7. O-O O-O 8. h3 h6
9. g4 Bh7 10. g5 hxg5 11. Nxg5 Bg6 12. e4 dxe4 13. Be3 Nbd7 14. Ngxe4 Nxe4 15.
Nxe4 Nf6 16. Nc3 Qa5 17. a3 Rfd8 18. Qb3 Qc7 19. Rac1 b6 20. d5 Bc5 21. dxc6
Bxe3 22. Nb5 Rd3 23. Nxc7 Rc8 24. Rc3 Rxc3 25. Qxc3 1-0

[Event "2010 Calgary Closed"]
[Site "Calgary"]
[Date "2010.01.26"]
[Round "4"]
[White "Haessel, Dale"]
[Black "Hansen, Eric"]
[Result "0-1"]
[WhiteElo "2328"]
[BlackElo "2484"]
[PlyCount "60"]
[EventDate "2010.01.05"]
[EventType "tourn"]
[EventRounds "7"]
[EventCountry "CAN"]

1. d4 Nf6 2. c4 e6 3. Nc3 Bb4 4. Qc2 d5 5. cxd5 exd5 6. Bg5 h6 7. Bh4 c5 8. a3
Bxc3+ 9. bxc3 Nbd7 10. f3 Qa5 11. Qd2 O-O 12. e3 Re8 13. Bf2 b6 14. g4 Ba6 15.
Ne2 Rac8 16. h4 Nxg4 17. fxg4 Nf6 18. Bg2 cxd4 19. cxd4 Rc2 20. Qxa5 Rxe2+ 21.
Kf1 bxa5 22. Bf3 R2xe3+ 23. Kg2 R3e6 24. Rac1 Be2 25. Rc5 Bxf3+ 26. Kxf3 Rb8
27. Re1 Rb3+ 28. Kf4 Ne4 29. Rc8+ Kh7 30. Bg1 g5+ 0-1

[Event "2010 Calgary Closed"]
[Site "Calgary"]
[Date "2010.01.26"]
[Round "4"]
[White "Karmali, Hafiz"]
[Black "Yearwood, Roy"]
[Result "1/2-1/2"]
[WhiteElo "2081"]
[BlackElo "2211"]
[PlyCount "84"]
[EventDate "2010.01.05"]
[EventType "tourn"]
[EventRounds "7"]
[EventCountry "CAN"]

1. f4 g6 2. e4 c5 3. Nf3 Bg7 4. c3 d5 5. e5 c4 6. b3 b5 7. a4 Nd7 8. axb5 Nb6
9. Na3 Qc7 10. bxc4 dxc4 11. Qe2 Be6 12. Ng5 Bd5 13. e6 Nh6 14. exf7+ Nxf7 15.
Ne6 Bxe6 16. Qxe6 Rc8 17. Qc6+ Qd7 18. Qxd7+ Kxd7 19. Nc2 Rc7 20. Ne3 Nd6 21.
Ra5 Ne4 22. Be2 Rd8 23. Bf3 Nc5 24. Ke2 Kc8 25. Rd1 Kb8 26. Ba3 Nb3 27. Ra6
Rcd7 28. Rxb6+ axb6 29. Nxc4 Bxc3 30. Bc6 Nd4+ 31. Kd3 Nxc6+ 32. Kxc3 Rd3+ 33.
Kc2 Na5 34. Nxa5 bxa5 35. Bxe7 R8d7 36. Bc5 a4 37. b6 a3 38. Bb4 a2 39. Ra1
R3d4 40. Bc3 Ra4 41. Kb3 Ra6 42. Rxa2 Rxb6+ 1/2-1/2

[Event "2010 Calgary Closed"]
[Site "Calgary"]
[Date "2010.01.26"]
[Round "4"]
[White "Robichaud, Martin"]
[Black "Yam, Alex"]
[Result "0-1"]
[WhiteElo "2184"]
[BlackElo "2158"]
[PlyCount "86"]
[EventDate "2010.01.05"]
[EventType "tourn"]
[EventRounds "7"]
[EventCountry "CAN"]

1. e4 g6 2. d4 Bg7 3. c3 d6 4. Bc4 e6 5. Ne2 d5 6. Bd3 dxe4 7. Bxe4 Nf6 8. Bf3
O-O 9. O-O Nbd7 10. Bf4 h6 11. h4 Nh7 12. g3 e5 13. Be3 Nhf6 14. Nd2 Re8 15.
Qb3 exd4 16. cxd4 Nb6 17. Nf4 g5 18. hxg5 hxg5 19. Nh5 Nxh5 20. Bxh5 Be6 21.
Qd3 Nd5 22. Bd1 c5 23. Nf3 g4 24. Ng5 Nxe3 25. Nxe6 Rxe6 26. fxe3 Rxe3 27. Qf5
Rxg3+ 28. Kf2 Qh4 29. Ke2 Qe7+ 30. Kd2 Rd8 31. Bb3 c4 32. Rae1 Qc7 33. Bc2 Bh6+
34. Ke2 Re3+ 35. Kd1 Rxd4+ 36. Bd3 Rdxd3+ 37. Kc2 Qd7 38. Qf6 Bg7 39. Qf4 Rxe1
40. Rxe1 Rf3 41. Qb8+ Bf8 42. Rd1 Qa4+ 43. Kc1 Rf2 0-1

[Event "2010 Calgary Reserves"]
[Site "Calgary"]
[Date "2010.01.05"]
[Round "1"]
[White "Cai, Tony"]
[Black "Milne, Arthur"]
[Result "0-1"]
[WhiteElo "1770"]
[BlackElo "1892"]
[PlyCount "82"]
[EventDate "2010.01.05"]
[EventType "swiss"]
[EventRounds "5"]
[EventCountry "CAN"]

1. d4 d6 2. e4 Nf6 3. f3 c5 4. c3 cxd4 5. cxd4 g6 6. Be3 Bg7 7. Nc3 O-O 8. Bd3
Nc6 9. Nge2 Qa5 10. Qd2 a6 11. O-O b5 12. Rac1 Bb7 13. d5 Ne5 14. Nd4 Rac8 15.
a3 Nc4 16. Bxc4 Rxc4 17. Nb1 Qxd2 18. Nxd2 Rcc8 19. N2b3 Rxc1 20. Rxc1 Rc8 21.
Rxc8+ Bxc8 22. Nc6 Kf8 23. Bd4 Ke8 24. Kf2 Kd7 25. Na7 Bb7 26. Na5 Ba8 27. N7c6
e6 28. dxe6+ fxe6 29. Nb8+ Kc8 30. Nxa6 Ng4+ 31. fxg4 Bxd4+ 32. Kf3 Bxb2 33.
Nb4 Bxa3 34. Nd3 d5 35. e5 d4+ 36. Kf2 Bd5 37. Nf4 Ba2 38. Nd3 Kc7 39. Ke2 Kb6
40. Kf2 Kxa5 41. Ke2 Bd5 0-1

[Event "2010 Calgary Reserves"]
[Site "Calgary"]
[Date "2010.01.05"]
[Round "1"]
[White "MacFie, Bob"]
[Black "Williams, Phil"]
[Result "1-0"]
[WhiteElo "1804"]
[BlackElo "1419"]
[PlyCount "66"]
[EventDate "2010.01.05"]
[EventType "swiss"]
[EventRounds "5"]
[EventCountry "CAN"]

1. a3 d5 2. d4 Nf6 3. Nc3 c6 4. Bg5 Bf5 5. Bxf6 exf6 6. e3 Bd6 7. Bd3 Bxd3 8.
Qxd3 O-O 9. Nf3 Qa5 10. O-O b5 11. b4 Qc7 12. e4 a5 13. exd5 axb4 14. axb4 Rxa1
15. Rxa1 Bxb4 16. dxc6 Qxc6 17. Nxb5 Nd7 18. c3 Rb8 19. Rb1 Qxb5 20. Qxb5 Rxb5
21. Rxb4 Rxb4 22. cxb4 Kf8 23. Kf1 Ke7 24. Ke2 Kd6 25. Kd3 Kd5 26. Nd2 Nb6 27.
Ne4 h6 28. g4 Na4 29. Nc3+ Nxc3 30. Kxc3 g6 31. b5 f5 32. gxf5 g5 33. Kb4 Kxd4
1-0

[Event "2010 Calgary Reserves"]
[Site "Calgary"]
[Date "2010.01.05"]
[Round "1"]
[White "Wojtas, Artur"]
[Black "McKay, Tom"]
[Result "0-1"]
[WhiteElo "1888"]
[BlackElo "1644"]
[PlyCount "80"]
[EventDate "2010.01.05"]
[EventType "swiss"]
[EventRounds "5"]
[EventCountry "CAN"]

1. e4 e5 2. Nf3 Nc6 3. Bb5 a6 4. Bxc6 dxc6 5. O-O f6 6. d4 exd4 7. Nxd4 Bd7 8.
Re1 Bd6 9. Nf5 Bxf5 10. exf5+ Ne7 11. Qh5+ Kd7 12. Qf7 Qg8 13. Qe6+ Qxe6 14.
fxe6+ Ke8 15. Nc3 f5 16. Be3 Rd8 17. Rad1 Ng6 18. Bg5 Be7 19. Rxd8+ Kxd8 20.
Rd1+ Kc8 21. Bxe7 Nxe7 22. Rd7 Re8 23. f4 h6 24. Kf2 g5 25. g3 gxf4 26. gxf4
Ng6 27. Rf7 Rxe6 28. Rxf5 b5 29. Ne2 Kb7 30. Rh5 Rxe2+ 31. Kf3 Rxc2 32. Rxh6
Nxf4 33. Kxf4 Rxb2 34. h4 Rxa2 35. h5 b4 36. Ke3 b3 37. Kd3 Rh2 38. Rg6 b2 39.
Rg1 Rxh5 40. Kc3 Rb5 0-1

[Event "2010 Calgary Reserves"]
[Site "Calgary"]
[Date "2010.01.12"]
[Round "2"]
[White "Bentley, Bill"]
[Black "Watson, Walter"]
[Result "0-1"]
[WhiteElo "1806"]
[BlackElo "1952"]
[PlyCount "46"]
[EventDate "2010.01.05"]
[EventType "swiss"]
[EventRounds "5"]
[EventCountry "CAN"]

1. d4 d5 2. c4 c6 3. Nf3 Nf6 4. e3 e6 5. Nbd2 Nbd7 6. b3 Bd6 7. Bd3 e5 8. dxe5
Nxe5 9. Be2 Qc7 10. Bb2 dxc4 11. Nxc4 Nxc4 12. Bxc4 Bb4+ 13. Kf1 Bg4 14. Bxf6
gxf6 15. Qd4 Bxf3 16. gxf3 Qe7 17. Rd1 Rg8 18. Qh4 Rd8 19. Ke2 Qe5 20. Rxd8+
Kxd8 21. Rd1+ Kc7 22. Qxh7 Rg2 23. Qc2 Rxf2+ 0-1

[Event "2010 Calgary Reserves"]
[Site "Calgary"]
[Date "2010.01.12"]
[Round "2"]
[White "Bogoev, Yassen"]
[Black "Wojtas, Artur"]
[Result "1/2-1/2"]
[WhiteElo "1547"]
[BlackElo "1888"]
[PlyCount "114"]
[EventDate "2010.01.05"]
[EventType "swiss"]
[EventRounds "5"]
[EventCountry "CAN"]

1. g3 Nf6 2. Bg2 c5 3. d4 cxd4 4. Qxd4 g6 5. e4 Nc6 6. Qd1 Bg7 7. c3 O-O 8. Ne2
d6 9. O-O a6 10. Nd2 Rb8 11. h3 b5 12. f4 Bb7 13. Nb3 Na5 14. Nxa5 Qxa5 15. Qd3
Nd7 16. Be3 b4 17. Bd4 Nf6 18. f5 Rfc8 19. g4 d5 20. e5 Ne4 21. f6 exf6 22.
exf6 Bf8 23. Kh1 Ba8 24. Qe3 bxc3 25. bxc3 Rb2 26. Ng3 Nxg3+ 27. Qxg3 Rxa2 28.
Rae1 Bc6 29. h4 Re8 30. Rb1 Bb5 31. Rg1 Qd8 32. h5 g5 33. h6 Bd6 34. Qf3 Bc4
35. Be3 Be2 36. Qxd5 Qxf6 37. Qxg5+ Qxg5 38. Bxg5 Bxg4 39. Rge1 Rxe1+ 40. Rxe1
Be6 41. Rd1 Bc7 42. Bf6 Rf2 43. Rf1 Rxf1+ 44. Bxf1 a5 45. Bb5 Bf4 46. Bd8 Bxh6
47. Bxa5 Bf8 48. Bb4 Bxb4 49. cxb4 Bd5+ 50. Kh2 Bb7 51. Kg3 Kg7 52. Bd3 h6 53.
Kh4 Bc8 54. b5 f5 55. Be2 Bb7 56. Kg3 Kg6 57. Kf4 h5 1/2-1/2